Naturaleza : 7º EGB
Gespeichert in:
| 1. Verfasser: | |
|---|---|
| Format: | Buch |
| Sprache: | Spanisch |
| Erschienen: |
Madrid :
Santillana,
cop. 1980
|
| Katalog: | MANES: Suchergebnis im Bibliothekskatalog |
| Schulbuchspezifische Eigenschaften: |
|
| Schriftenreihe: | Educación santillana
|
| Tags: |
Tag hinzufügen
Keine Tags, Fügen Sie den ersten Tag hinzu!
|
| Hinzugefügt zu: | 26.05.2004 |
| Geändert in: | 07.05.2025 |
MARC
| LEADER | 00000nam a2200000 a 4500 | ||
|---|---|---|---|
| 001 | .b1778643 | ||
| 003 | ES-BaCBU | ||
| 005 | 20250507130140.0 | ||
| 008 | 040527s1980 sp a b|l 000 ||spa|c | ||
| 017 | |a DL M. 28116-1980 (Edición para el profesor) |a DL M. 4714-1981 ([Llibre de l'alumne]) | ||
| 020 | |a 842941746X ([Llibre de l'alumne]) |a 8429417672 (Edición para el profesor) | ||
| 035 | |a 842942086X |9 ES-BaUB001 |a 0828-66060 |9 ES-BaUB035 | ||
| 040 | |a ES-BaCBU |b cat |c ES-BaCBU |d ES-BaUB | ||
| 100 | 1 | |a Aragó López, Carmen |9 33338 | |
| 245 | 1 | 0 | |a Naturaleza : |b 7º EGB / |c los guiones didácticos correspondientes a Naturaleza han sido elaborados por el siguiente equipo: Carmen Aragó López ... [et al.] |
| 260 | |a Madrid : |b Santillana, |c cop. 1980 | ||
| 300 | |a 2 vol. (240, 240 p.) : |b il. col.; |c 28 cm | ||
| 490 | 1 | |a Educación Santillana | |
| 500 | |a Reimpressions: 1981 |a Al vers de portada del Llibre de l'alumne: Texto aprobado por el Ministerio de Educación y Ciencia en O. M. de 219-6-1980 |a A contraportada del Llibre del professor: Texto aprobado por el Ministerio de Educación y Ciencia en O. M. de 30.7.80 | ||
| 505 | 8 | |a Conté: ([Llibre de l'alumne]) / Carmen Aragó ... [et al.] -- Edición para el profesor / Carmen Aragó López ... [et al.] | |
| 546 | |a España | ||
| 561 | |5 es-CRAI |3 p1 TX EGB 4/7 SAN |a España. Biblioteca Universitat de Barcelona |k MANES | ||
| 690 | 0 | |a CN | |
| 691 | 0 | |a PRI | |
| 830 | 0 | |a Educación santillana |9 31214 | |
| 856 | |y Registro en Cercabib - CRAI | ||
| 942 | |2 ddc |c BK | ||
| 999 | |c 89948 |d 89948 | ||
| 999 | |c manes:89948 |d 89948 | ||